[Event "3rd Cambridge Int Open"]
[Site "Cambridge ENG"]
[Date "2025.05.26"]
[Round "2.41"]
[White "Majeed, Haroon"]
[Black "Badacsonyi, Frankie"]
[Result "1-0"]
[BlackTitle "FM"]
[WhiteElo "1999"]
[BlackElo "2190"]
[WhiteFideId "343401902"]
[BlackFideId "460400"]
[EventDate "2025.05.26"]

1. e4 c5 2. Nf3 d6 3. d4 cxd4 4. Nxd4 Nf6 5. Nc3 Nc6 6. Bg5 e6 7. Qd3 Bd7 8.
O-O-O a6 9. f4 h6 10. Bh4 Be7 11. Nf3 Qc7 12. Kb1 O-O-O 13. Nd2 g5 14. fxg5 Ng4
15. Nc4 hxg5 16. Bg3 Be8 17. Be2 Nge5 18. Qe3 Nxc4 19. Bxc4 Ne5 20. Be2 Bc6 21.
Rhf1 Rh7 22. Qa7 Rd7 23. Qg1 Bd8 24. Rd2 Qb8 25. Rfd1 b5 26. a3 Bb6 27. Bf2 Ba5
28. Bd4 Nc4 29. Bxc4 bxc4 30. Qf1 Bb5 31. Nxb5 Qxb5 32. c3 Rxh2 33. Bf6 Bc7 34.
Rd4 d5 35. exd5 exd5 36. Qf3 Rh6 37. Bxg5 Rhd6 38. Bf4 Rb6 39. Bc1 Rbd6 40. Rf4
d4 41. Rfxd4 Rxd4 42. Rxd4 Rxd4 43. cxd4 f5 44. a4 Qxa4 45. Qxf5+ Kb8 46. Qf8+
Kb7 47. Qf3+ Kb8 48. g4 Qd7 49. d5 Bb6 50. Qe4 Qb5 51. Bf4+ Bc7 52. d6 1-0

[Event "3rd Cambridge Int Open"]
[Site "Cambridge ENG"]
[Date "2025.05.26"]
[Round "2.42"]
[White "Shivakumar, Akshath"]
[Black "Iyengar, Ilya"]
[Result "0-1"]
[WhiteElo "1819"]
[BlackElo "1979"]
[WhiteFideId "499765"]
[BlackFideId "405949"]
[EventDate "2025.05.26"]

1. d4 Nf6 2. c4 g6 3. Nc3 Bg7 4. e4 d6 5. f3 O-O 6. Be3 Nc6 7. Qd2 a6 8. Be2 Re8
9. Bd1 Rb8 10. Ba4 Bd7 11. Nge2 e5 12. Bxc6 exd4 13. Nxd4 bxc6 14. O-O c5 15.
Nde2 Bc6 16. Rad1 Qc8 17. b3 a5 18. Bh6 Bh8 19. Nf4 a4 20. bxa4 Rb4 21. Qd3 Qa6
22. Nb5 Bxb5 23. axb5 Qxa2 24. Rc1 Nd7 25. Rc2 Bd4+ 26. Kh1 Qa7 27. Nd5 Ra4 28.
Be3 Bg7 29. f4 Ra3 30. Nc3 Qa5 31. Bd2 Nb6 32. f5 Na4 33. Nxa4 Qxa4 34. Bc3 Qb3
35. fxg6 hxg6 36. Qd5 Re6 37. Rcf2 Qxc3 38. Rxf7 Qe5 39. Qc6 Re7 40. Rxe7 Qxe7
41. Qb7 Qd8 42. Qd5+ Kh7 43. Qf7 Qf8 44. Qxf8 Bxf8 45. g3 Kg7 46. Kg2 Ra4 47.
Rc1 Kf6 48. Rf1+ Ke7 49. Rc1 Ke6 50. h4 Ke5 51. Rf1 Be7 52. Rf7 Ke6 53. Rg7 Kf6
54. Rg8 Rxc4 55. Kf3 Rb4 56. g4 Rxb5 57. g5+ Kf7 58. Rh8 Bf8 59. Rh7+ Bg7 60. h5
gxh5 61. Kf4 Kg6 62. Rxg7+ Kxg7 63. Kf5 c4+ 64. Ke6 Rxg5 65. Kd7 Rc5 66. Ke7 c3
67. Ke6 c2 68. Kd7 c1=Q 69. Kd8 Kf7 70. Kd7 Qa1 71. Kd8 Qa8+ 72. Kd7 Qe8# 0-1

[Event "3rd Cambridge Int Open"]
[Site "Cambridge ENG"]
[Date "2025.05.26"]
[Round "2.43"]
[White "Mork, Peter"]
[Black "Ward, Cian"]
[Result "1/2-1/2"]
[WhiteElo "1757"]
[BlackElo "1946"]
[WhiteFideId "1580604"]
[BlackFideId "475599"]
[EventDate "2025.05.26"]

1. e4 e6 2. d4 d5 3. e5 c5 4. c3 Nc6 5. Nf3 Qb6 6. Bd3 cxd4 7. O-O Bd7 8. Nbd2
dxc3 9. bxc3 Na5 10. c4 dxc4 11. Nxc4 Nxc4 12. Bxc4 Bc6 13. Be3 Bc5 14. Rb1 Qa5
15. Ng5 Bxe3 16. fxe3 Nh6 17. Bxe6 fxe6 18. Qh5+ g6 19. Qxh6 Qxa2 20. Qh3 O-O-O
21. Nxe6 Rd2 22. Nd4+ Kc7 23. Nxc6 bxc6 24. e6 Kd6 25. Qg4 Rf8 26. Qg3+ Kxe6 27.
Qg4+ Kd6 28. Qg3+ Ke6 1/2-1/2

[Event "3rd Cambridge Int Open"]
[Site "Cambridge ENG"]
[Date "2025.05.26"]
[Round "2.44"]
[White "Leigh, Dominic"]
[Black "Hutchinson, Norman A"]
[Result "1/2-1/2"]
[WhiteElo "1747"]
[BlackElo "1935"]
[WhiteFideId "428310"]
[BlackFideId "411540"]
[EventDate "2025.05.26"]

1. d4 Nf6 2. c4 e6 3. Nc3 Bb4 4. f3 d5 5. a3 Bxc3+ 6. bxc3 Nh5 7. Nh3 O-O 8. e3
c5 9. Nf2 f5 10. cxd5 exd5 11. Bd3 Nc6 12. O-O c4 13. Bc2 Nf6 14. e4 fxe4 15.
fxe4 dxe4 16. Nxe4 Nxe4 17. Rxf8+ Qxf8 18. Bxe4 Qd6 19. Qh5 g6 20. Qd5+ Qxd5 21.
Bxd5+ Kg7 22. Bxc4 Bf5 23. Bd2 Rc8 24. Ba2 Na5 25. Re1 Kf6 26. Kf2 1/2-1/2

[Event "3rd Cambridge Int Open"]
[Site "Cambridge ENG"]
[Date "2025.05.26"]
[Round "2.45"]
[White "Berkley, Stephen W"]
[Black "Tso, Chi Wai"]
[Result "1-0"]
[WhiteElo "1740"]
[BlackElo "1881"]
[WhiteFideId "486850"]
[BlackFideId "343461417"]
[EventDate "2025.05.26"]

1. d4 d5 2. c4 e6 3. Nc3 Nf6 4. Nf3 Be7 5. cxd5 exd5 6. Qc2 O-O 7. Bf4 c6 8. h3
Na6 9. a3 Nc7 10. e3 Ne6 11. Bh2 Re8 12. Bd3 g6 13. O-O Bf8 14. Ne5 c5 15. Bb5
Re7 16. dxc5 Nxc5 17. b4 Nce4 18. Nxe4 Nxe4 19. Rad1 Bf5 20. Qb3 Qb6 21. Bd3 Nc5
22. Qc3 Nxd3 23. Nxd3 Bg7 24. Qd2 d4 25. exd4 Qxd4 26. Nc5 Rd8 27. Qxd4 Rxd4 28.
Bd6 Re2 29. Nxb7 Rxd1 30. Rxd1 Bc2 31. Rf1 Bb2 32. Bc5 Ba4 33. Nd6 Rc2 34. Re1
Bxa3 35. Nxf7 Kxf7 36. Re7+ Kf6 37. Rxa7 Bxb4 38. Bxb4 Bb5 39. Rxh7 Rc4 40. Bd2
Rc2 41. Be3 Rc4 42. h4 Ra4 43. Bg5+ Kf5 44. Kh2 Bc6 45. Rf7+ Ke5 46. f3 Ra3 47.
Rf6 Be8 48. Rf8 Bd7 49. Rf7 Bf5 50. Re7+ Kd6 51. Re3 Ra2 52. Kg3 Kd5 53. Bf6 Rc2
54. Re5+ Kd6 55. h5 Rc7 56. hxg6 Bxg6 57. Rg5 Bd3 58. Be5+ 1-0

[Event "3rd Cambridge Int Open"]
[Site "Cambridge ENG"]
[Date "2025.05.26"]
[Round "2.46"]
[White "Lee, Yuk Hei"]
[Black "Warner, Nicholas"]
[Result "1-0"]
[WhiteElo "1870"]
[BlackElo "1741"]
[WhiteFideId "343411061"]
[BlackFideId "343414400"]
[EventDate "2025.05.26"]

1. e4 c6 2. d4 d5 3. Nc3 dxe4 4. Nxe4 Bf5 5. Ng3 Bg6 6. h4 h6 7. Nf3 Nd7 8. h5
Bh7 9. Bd3 Bxd3 10. Qxd3 Qc7 11. Bd2 e6 12. O-O-O Ngf6 13. Rde1 O-O-O 14. Qe2
Bd6 15. Nf1 Rhe8 16. Ne3 Nb6 17. Kb1 Qe7 18. Rd1 Ne4 19. c4 Nxd2+ 20. Nxd2 Bc7
21. Ne4 Nd7 22. f3 f5 23. Nc3 Nf6 24. g4 Qf7 25. Qf2 f4 26. Nc2 g6 27. hxg6 Qxg6
28. Rdg1 Bb6 29. c5 Ba5 30. Ka1 Bxc3 31. bxc3 Nd5 32. c4 Nc7 33. Re1 Qf6 34. Re5
Rg8 35. Rhe1 Rg5 36. Qe2 Rdg8 37. Qd2 h5 38. gxh5 Rg2 39. R1e2 Rg1+ 40. Kb2 Rf1
41. Rf2 Rgg1 42. Rxf1 Rxf1 43. Qd3 Rg1 44. Qd2 Rg5 45. Rxg5 Qxg5 46. Qh2 Qh6 47.
Ne1 Qf6 48. Kc3 e5 49. h6 Ne6 50. h7 exd4+ 51. Kd2 Qh8 52. Qh3 Kd7 53. Nd3 Ke7
54. Qh4+ Kf7 55. Ne5+ Qxe5 56. h8=Q Qe3+ 57. Kd1 Qxf3+ 58. Ke1 Qc3+ 59. Kf2 Qe3+
60. Kf1 Qc1+ 61. Kg2 f3+ 62. Kxf3 Qe3+ 63. Kg4 Qe2+ 64. Kh3 Qf1+ 65. Kh2 Qe2+
66. Kg1 Qd1+ 67. Kg2 Qe2+ 68. Qf2+ 1-0

[Event "3rd Cambridge Int Open"]
[Site "Cambridge ENG"]
[Date "2025.05.26"]
[Round "2.47"]
[White "Doman, Richard"]
[Black "Keerthi Kumar, Advait"]
[Result "0-1"]
[WhiteElo "1661"]
[BlackElo "1823"]
[WhiteFideId "343447732"]
[BlackFideId "498033"]
[EventDate "2025.05.26"]

1. e4 c5 2. Nf3 Nf6 3. e5 Nd5 4. Bc4 Nb6 5. Be2 g6 6. d4 cxd4 7. Nxd4 Bg7 8. f4
O-O 9. O-O Nc6 10. c3 d6 11. Nxc6 bxc6 12. exd6 exd6 13. Nd2 Bb7 14. Ne4 Qe7 15.
Bf3 d5 16. Nf2 Rfe8 17. Nd3 Rad8 18. Re1 Qd6 19. Rxe8+ Rxe8 20. Qc2 Ba6 21. Bd2
d4 22. Re1 Rxe1+ 23. Nxe1 h5 24. cxd4 Qxd4+ 25. Kh1 Nc4 26. Bc3 Qxf4 27. Bxg7
Kxg7 28. Nd3 Qd4 29. Bxc6 Ne3 30. Qf2 Qxd3 31. h3 Qd1+ 32. Kh2 Qd4 33. Qg3 Nf1+ 0-1

[Event "3rd Cambridge Int Open"]
[Site "Cambridge ENG"]
[Date "2025.05.26"]
[Round "2.48"]
[White "Matthews, Adrian M S"]
[Black "Ewart, Thomas"]
[Result "1-0"]
[WhiteElo "1800"]
[BlackElo "1701"]
[WhiteFideId "413631"]
[BlackFideId "343428290"]
[EventDate "2025.05.26"]

1. e4 e6 2. d4 d5 3. e5 c5 4. c3 Nc6 5. Nf3 Bd7 6. Bd3 Qb6 7. dxc5 Bxc5 8. O-O
O-O-O 9. b4 Be7 10. a4 Qc7 11. Re1 f6 12. Bf4 fxe5 13. Nxe5 Bd6 14. Qe2 Nxe5 15.
Bxe5 Bxe5 16. Qxe5 Qxe5 17. Rxe5 Nf6 18. Na3 Bxa4 19. Rxe6 Bc6 20. Nc2 a6 21.
Nd4 Rde8 22. Rae1 Rxe6 23. Rxe6 Re8 24. f3 Rxe6 25. Nxe6 g6 26. Kf2 Bb5 27. Bxb5
axb5 28. Nd4 Kd8 29. Nxb5 d4 30. Nxd4 Nd5 31. Ne2 1-0

[Event "3rd Cambridge Int Open"]
[Site "Cambridge ENG"]
[Date "2025.05.26"]
[Round "2.49"]
[White "Richardson, Alan"]
[Black "Siddhartha Shankar Srivastava"]
[Result "1-0"]
[WhiteElo "1791"]
[BlackElo "1647"]
[WhiteFideId "343448828"]
[BlackFideId "25780590"]
[EventDate "2025.05.26"]

1. d4 Nf6 2. Bf4 d5 3. e3 c5 4. c3 Nc6 5. Nd2 Qb6 6. Qb3 c4 7. Qc2 g6 8. f3 Nh5
9. Bg5 f6 10. Bh4 g5 11. Bf2 Bd7 12. e4 e6 13. b3 cxb3 14. axb3 Rc8 15. Ne2 Nf4
16. Nxf4 gxf4 17. Be2 Na5 18. Qb2 Bb5 19. Bh4 Rg8 20. g3 Bh6 21. g4 Kf7 22. Qc2
Rg7 23. Bxb5 Qxb5 24. Kf2 Qb6 25. Qd3 Nc6 26. Rhe1 Ne5 27. Qc2 Nxg4+ 28. fxg4 e5
29. Qd3 dxe4 30. Nxe4 exd4 31. Qxd4 Qxd4+ 32. cxd4 Rc2+ 33. Re2 Rxe2+ 34. Kxe2
Rxg4 35. Bxf6 Rg2+ 36. Kf3 Rxh2 37. Kg4 Re2 38. Kf5 Rxe4 39. Kxe4 Kxf6 40. Rxa7
Kg5 41. Rxb7 Kg4 42. Rxh7 Bg5 43. Rf7 Kg3 44. b4 1-0

[Event "3rd Cambridge Int Open"]
[Site "Cambridge ENG"]
[Date "2025.05.26"]
[Round "2.50"]
[White "Pride, Stephen C"]
[Black "Bay-Petersen, Ole"]
[Result "1/2-1/2"]
[WhiteElo "1640"]
[BlackElo "1780"]
[WhiteFideId "419680"]
[BlackFideId "430188"]
[EventDate "2025.05.26"]

1. d4 e6 2. Bf4 d5 3. e3 Nf6 4. Nc3 Be7 5. Bd3 O-O 6. h3 Nbd7 7. Nf3 Ne8 8. O-O
f5 9. Ne5 Nxe5 10. Bxe5 c6 11. a3 Bd6 12. Bxd6 Nxd6 13. Be2 Qf6 14. f4 Bd7 15.
Kh2 Be8 16. Qe1 Rc8 17. Qd2 Rc7 18. g4 fxg4 19. Bxg4 Bg6 20. b3 c5 21. Rae1 h5
22. Bf3 cxd4 23. exd4 Rfc8 24. Nxd5 exd5 25. Bxd5+ Kh7 26. c4 Bf5 27. Qf2 Nb5
28. Be4 Nxd4 29. Bxf5+ Nxf5 30. Re5 Re7 31. Rxe7 Qxe7 32. Qxa7 Rf8 33. a4 h4 34.
Qf2 Ng3 35. Re1 Qf6 36. Qc2+ g6 37. Qd2 Rd8 38. Qe3 Qb2+ 39. Kg1 Nf5 40. Qb6
Qd4+ 41. Qxd4 Nxd4 42. Re7+ Kh6 43. Rxb7 Ne2+ 44. Kf1 Nxf4 45. a5 Rd1+ 46. Kf2
Nxh3+ 47. Ke2 Ra1 48. b4 Nf4+ 49. Ke3 Kg5 50. Rh7 Ra3+ 51. Kd4 Nh5 52. Re7 h3
53. Re2 Rd3+ 54. Kc5 Rg3 55. a6 Rg2 56. Re1 Nf4 57. a7 Nd3+ 58. Kb6 Ra2 59. Rg1+
Rg2 60. a8=Q Rxg1 61. Qd5+ Kh4 62. Qxd3 h2 63. Qd4+ Kh3 64. Qe3+ Rg3 65. Qh6+
Kg2 66. Qd2+ Kh3 67. Qh6+ 1/2-1/2

[Event "3rd Cambridge Int Open"]
[Site "Cambridge ENG"]
[Date "2025.05.26"]
[Round "2.51"]
[White "Volovich, Andrew"]
[Black "McLean, Rory"]
[Result "0-1"]
[WhiteElo "1628"]
[BlackElo "1762"]
[WhiteFideId "472042"]
[BlackFideId "447153"]
[EventDate "2025.05.26"]

1. e4 e6 2. d4 d5 3. exd5 exd5 4. c4 Nf6 5. Nc3 Be7 6. Nf3 O-O 7. Qb3 c6 8. Bg5
Ne4 9. Nxe4 dxe4 10. Bxe7 Qxe7 11. Nd2 Bg4 12. Qe3 Re8 13. h3 Bh5 14. g4 Bg6 15.
O-O-O Na6 16. a3 b5 17. c5 Nc7 18. Re1 a5 19. f4 Nd5 20. Qg3 f5 21. gxf5 Bxf5
22. Bg2 Nf6 23. Re3 Rad8 24. Qg5 g6 25. Nf3 Nd5 26. Qxe7 Rxe7 27. Rhe1 exf3 28.
Rxe7 Nxe7 29. Bxf3 Nd5 30. Bxd5+ Rxd5 31. Rd1 Bxh3 32. Kc2 h5 33. Kc3 Kf7 34. b4
a4 35. Re1 Bg4 36. Kd3 h4 37. Rg1 Bf5+ 38. Ke3 h3 39. Rd1 Bg4 40. Rd2 Rh5 41.
Rh2 Ke6 42. Kd3 Kd5 43. Kc3 Ke4 44. f5 Rxf5 45. Rd2 Rf3+ 46. Kc2 Rxa3 47. d5
Ra2+ 48. Kc3 Rxd2 49. Kxd2 h2 0-1

[Event "3rd Cambridge Int Open"]
[Site "Cambridge ENG"]
[Date "2025.05.27"]
[Round "3.1"]
[White "Siva, Mahadevan"]
[Black "Kalavannan, Koby"]
[Result "1-0"]
[WhiteTitle "IM"]
[BlackTitle "FM"]
[WhiteElo "2385"]
[BlackElo "2303"]
[WhiteFideId "25043153"]
[BlackFideId "425753"]
[EventDate "2025.05.26"]

1. e4 c5 2. Nf3 Nc6 3. d4 cxd4 4. Nxd4 g6 5. c4 Bg7 6. Be3 Qb6 7. Nb3 Qd8 8. Qd2
Nf6 9. f3 O-O 10. Nc3 d6 11. Be2 a5 12. Na4 Be6 13. O-O Nd7 14. Rac1 Nb4 15. Nc3
Bxc3 16. bxc3 Na6 17. Bh6 Re8 18. Nd4 Nac5 19. Qe3 f6 20. Nxe6 Nxe6 21. Rb1 Qc8
22. Qd2 Ne5 23. Qd5 g5 24. f4 Nf7 25. fxg5 Nxh6 26. gxh6 Qc5+ 27. Kh1 Qxd5 28.
exd5 Nc5 29. Bh5 Rec8 30. Rbe1 Rc7 31. Rf3 Kh8 32. Rfe3 1-0

[Event "3rd Cambridge Int Open"]
[Site "Cambridge ENG"]
[Date "2025.05.27"]
[Round "3.2"]
[White "Varnam, Liam D"]
[Black "Adams, Michael"]
[Result "0-1"]
[BlackTitle "GM"]
[WhiteElo "2022"]
[BlackElo "2661"]
[WhiteFideId "410950"]
[BlackFideId "400041"]
[EventDate "2025.05.26"]

1. e4 e5 2. Nf3 Nc6 3. Bb5 a6 4. Ba4 Nf6 5. O-O Be7 6. Re1 b5 7. Bb3 O-O 8. d4
Nxd4 9. Nxd4 exd4 10. e5 Ne8 11. c3 c5 12. cxd4 c4 13. Bc2 d5 14. f4 f5 15. Nd2
Nc7 16. Nf3 a5 17. a3 b4 18. axb4 axb4 19. Rxa8 Nxa8 20. Bd2 Qb6 21. h3 Nc7 22.
Kh2 Bd7 23. Rg1 Ne6 24. Be3 g6 25. Qc1 Rc8 26. g4 Ng7 27. Qe1 Ra8 28. Bb1 Ra1
29. Nh4 Rxb1 30. Qxb1 Bxh4 31. Qa2 Bd8 32. Qa8 Bc6 33. Qc8 Qc7 34. Qa6 Bd7 35.
Qa8 Bc6 36. Qa6 Kf7 37. Ra1 Ke8 38. Bd2 Be7 39. g5 Ne6 40. Be3 Kd7 41. Kg3 Qb7
42. Qa5 Bd8 43. Qa2 Bb6 44. Rd1 Qa7 45. Qxa7+ Bxa7 0-1

[Event "3rd Cambridge Int Open"]
[Site "Cambridge ENG"]
[Date "2025.05.27"]
[Round "3.3"]
[White "Patel, Keatan"]
[Black "Murawski, Jan"]
[Result "0-1"]
[BlackTitle "CM"]
[WhiteElo "1958"]
[BlackElo "2191"]
[WhiteFideId "477613"]
[BlackFideId "21009287"]
[EventDate "2025.05.26"]

1. e4 e5 2. Nf3 Nc6 3. Bb5 a6 4. Ba4 Nf6 5. d3 b5 6. Bb3 Be7 7. a4 Bb7 8. O-O
O-O 9. Nc3 b4 10. Nd5 Nxd5 11. Bxd5 Bf6 12. Be3 Rb8 13. d4 Re8 14. dxe5 Nxe5 15.
Nxe5 Bxe5 16. Bxb7 Rxb7 17. Qd3 Qf6 18. Rad1 Bxb2 19. Qxd7 Reb8 20. f4 h6 21. e5
Qe6 22. Qxe6 fxe6 23. Rd7 b3 24. cxb3 Rxb3 25. Bc1 c5 26. Bxb2 Rxb2 27. f5 exf5
28. e6 g6 29. e7 Kf7 30. Re1 Re8 31. Rc7 Rb6 32. a5 Rb5 33. g4 Rxa5 34. gxf5
gxf5 35. Re5 Kf6 36. Re3 Kf7 37. Re5 Kf6 38. Re3 Ra1+ 39. Kf2 Ra2+ 40. Kg3 Ra4
41. Re2 Re4 42. Ra2 Re6 43. Rxc5 R8xe7 44. Raa5 Re3+ 45. Kg2 Re2+ 46. Kg1 Re1+
47. Kg2 R1e2+ 48. Kg1 Rb2 49. Rxf5+ Kg6 50. Rf2 Rb6 51. Rfa2 Re1+ 52. Kf2 Ree6
53. Kg3 Kf7 54. Rc2 Rb5 55. Ra4 a5 56. Rc7+ Kg6 57. Ra7 Ree5 58. Ra6+ Kg7 59.
Ra7+ Kf8 60. Rf4+ Rf5 61. Rc4 Rbc5 62. Rd4 Rf7 63. Ra6 h5 64. Ra4 Rff5 65. Ra7
Ke8 66. Re4+ Rce5 67. Rc4 Re7 68. Ra6 Kf7 69. Ra4 Ree5 70. Rc4 Rc5 71. Rd4 Rfd5
72. Re4 Re5 73. Rd4 Re6 74. Ra8 Kf6 75. Ra4 Ree5 76. Ra6+ Ke7 77. Rd4 Red5 78.
Re4+ Kd7 79. Ree6 a4 80. Rh6 Ra5 81. Rh7+ Kd8 82. Rb6 Rd7 83. Rh8+ Kc7 84. Rbb8
a3 85. Rbc8+ Kb6 86. Rh6+ Kb7 87. Rc1 a2 88. Ra1 Rd2 89. Rh7+ Kb6 90. Rh6+ Kc7
91. Rh7+ Kd6 92. Rh6+ Ke7 93. Rh7+ Kf6 94. Rf1+ Kg6 95. Rhf7 a1=Q 96. R1f6+ Qxf6 0-1

[Event "3rd Cambridge Int Open"]
[Site "Cambridge ENG"]
[Date "2025.05.27"]
[Round "3.4"]
[White "Cummings, David H."]
[Black "Pai, Sidhanth"]
[Result "1-0"]
[WhiteTitle "IM"]
[WhiteElo "2249"]
[BlackElo "1832"]
[WhiteFideId "2603578"]
[BlackFideId "343111937"]
[EventDate "2025.05.26"]

1. c4 c5 2. Nf3 g6 3. e4 Bg7 4. d4 cxd4 5. Nxd4 d6 6. Nc3 Nf6 7. Be2 O-O 8. Be3
a6 9. O-O Nc6 10. f3 Bd7 11. Qd2 Rc8 12. Nxc6 Bxc6 13. b4 Bd7 14. Rac1 Be6 15.
Nd5 Nd7 16. f4 f5 17. exf5 Bxf5 18. g4 Be6 19. Bf3 Bf7 20. Bf2 Kh8 21. Bh4 Bxd5
22. cxd5 Rxc1 23. Rxc1 Ne5 24. Be2 Nd7 25. Kg2 Nf6 26. Bf3 Qd7 27. h3 e6 28.
dxe6 Qxe6 29. Re1 Qd7 30. Bf2 d5 31. Bd4 Rd8 32. a3 Kg8 33. Bb6 Rf8 34. g5 Nh5
35. Qxd5+ Qxd5 36. Bxd5+ Kh8 37. Bxb7 Nxf4+ 38. Kh2 Bb2 39. Bxa6 Nh5 40. a4 Bc3
41. Re4 Bd2 42. Bd4+ Ng7 43. Re7 Rg8 44. Bc4 Bxg5 45. Bxg7+ Rxg7 46. Re8+ 1-0

[Event "3rd Cambridge Int Open"]
[Site "Cambridge ENG"]
[Date "2025.05.27"]
[Round "3.5"]
[White "Hindol Ghosh"]
[Black "Udovenko, Daniel"]
[Result "1/2-1/2"]
[WhiteElo "1669"]
[BlackElo "2160"]
[WhiteFideId "25101641"]
[BlackFideId "30957508"]
[EventDate "2025.05.26"]

1. e4 c5 2. Nf3 d6 3. d4 Nf6 4. Nc3 cxd4 5. Nxd4 a6 6. Bg5 e6 7. f4 Be7 8. Qf3
Nbd7 9. O-O-O Qc7 10. Bd3 h6 11. Bh4 g5 12. fxg5 Ne5 13. Qe2 Nfg4 14. Bg3 hxg5
15. Nf3 Bd7 16. Rhf1 Rh7 17. h3 Nh6 18. Bf2 O-O-O 19. Be3 Rg7 20. g4 Kb8 21. Qf2
Rc8 22. Kb1 Nxf3 23. Qxf3 f6 24. Bd4 Rf8 25. Qe3 Ng8 26. Rf2 Rgf7 27. Rdf1 Be8
28. Qe2 Bd8 29. Bc4 Qc8 30. Bb3 Ka8 31. Qd3 Ba5 32. Nd1 Bb5 33. c4 Be8 34. Nc3
Bd8 35. Be3 Ba5 36. Ne2 Bb4 37. Nd4 Bc5 38. a3 Ne7 39. Qc3 Ng6 40. Ba2 Nf4 41.
Bxf4 gxf4 42. b4 Bxd4 43. Qxd4 Bc6 44. Re1 Rh8 45. Qxd6 Rxh3 46. Qc5 Rxa3 47.
Kb2 Re3 48. Rxe3 fxe3 49. Qxe3 Qc7 50. Qd4 Qg3 51. b5 axb5 52. Qd8+ 1/2-1/2

[Event "3rd Cambridge Int Open"]
[Site "Cambridge ENG"]
[Date "2025.05.27"]
[Round "3.6"]
[White "Tiviakov, Sergei"]
[Black "Wells, Peter K"]
[Result "1/2-1/2"]
[WhiteTitle "GM"]
[BlackTitle "GM"]
[WhiteElo "2536"]
[BlackElo "2350"]
[WhiteFideId "1008013"]
[BlackFideId "400327"]
[EventDate "2025.05.26"]

1. e4 c5 2. Nf3 d6 3. d4 cxd4 4. Nxd4 Nf6 5. Nc3 a6 6. f4 e5 7. Nf3 Nbd7 8. Bd3
b5 9. O-O Be7 10. Qe1 O-O 11. a4 b4 12. Nd5 Nxd5 13. exd5 Bb7 14. fxe5 dxe5 15.
Nxe5 Nxe5 16. Qxe5 Qxd5 17. Qxd5 Bxd5 18. a5 Bc5+ 19. Kh1 Rfd8 20. Bd2 b3 21.
Bc3 bxc2 22. Bxc2 Rac8 23. Ra4 Re8 24. Bd3 Rc6 25. Bc4 Be6 26. Bxe6 Rexe6 27.
Rc4 h5 28. g3 Be7 29. Rxc6 Rxc6 30. Kg2 g6 31. Rf3 f5 32. Rd3 Kf7 33. Rd7 Ke6
34. Rb7 g5 35. Kf3 g4+ 36. Kf4 Rc4+ 37. Ke3 Rc6 38. Kf4 Rc4+ 39. Ke3 Rc6 1/2-1/2

[Event "3rd Cambridge Int Open"]
[Site "Cambridge ENG"]
[Date "2025.05.27"]
[Round "3.8"]
[White "York-Weaving, Richard"]
[Black "Clarke, Brandon G I"]
[Result "1/2-1/2"]
[WhiteTitle "FM"]
[BlackTitle "IM"]
[WhiteElo "2323"]
[BlackElo "2498"]
[WhiteFideId "401161"]
[BlackFideId "400319"]
[EventDate "2025.05.26"]

1. e4 c5 2. Nf3 Nf6 3. e5 Nd5 4. Nc3 e6 5. d4 Nc6 6. Nxd5 exd5 7. c3 cxd4 8.
Nxd4 d6 9. Bb5 Bd7 10. exd6 Bxd6 11. Qe2+ Qe7 12. Qxe7+ Kxe7 13. Nc2 d4 1/2-1/2

[Event "3rd Cambridge Int Open"]
[Site "Cambridge ENG"]
[Date "2025.05.27"]
[Round "3.9"]
[White "Cuenca Jimenez, Jose Fernando"]
[Black "Balaji, Aaravamudhan"]
[Result "1/2-1/2"]
[WhiteTitle "GM"]
[BlackTitle "IM"]
[WhiteElo "2495"]
[BlackElo "2346"]
[WhiteFideId "2255570"]
[BlackFideId "436224"]
[EventDate "2025.05.26"]

1. d4 d5 2. c4 e6 3. Nc3 Be7 4. Nf3 Nf6 5. Bf4 O-O 6. e3 Nbd7 7. c5 Ne4 8. Bd3
f5 9. h3 c6 10. O-O b6 11. cxb6 axb6 12. a4 Ba6 13. Qc2 Bxd3 14. Qxd3 Qc8 15.
Qc2 Qb7 16. Ne5 Nd6 17. Nd3 Rfc8 18. Qe2 Qa6 19. f3 Nf7 20. e4 Bf6 21. e5 Be7
22. Be3 Nd8 23. Rfd1 c5 24. Nb5 Nc6 25. Kh1 Kh8 26. Qf2 cxd4 27. Bxd4 Nxd4 28.
Nxd4 Bc5 29. Nf4 b5 30. Qh4 Nf8 31. Nxb5 Qb6 32. Nd3 Ng6 33. Qe1 Be7 34. b3 h6
35. Ra2 Bh4 36. Qg1 Qd8 37. f4 Kh7 38. Qe3 Be7 39. Nd4 Qb6 40. Rc1 Rxc1+ 41.
Nxc1 Nxf4 42. Nxf5 Qxe3 43. Nxe3 Rc8 44. Rc2 Rb8 45. a5 Ba3 46. a6 Ra8 47. Ne2
Nxe2 48. Rxe2 Bc5 49. b4 Bxb4 50. Ra2 Bc5 51. Nc2 Kg6 52. g4 h5 53. Ne1 hxg4 54.
Nd3 Be3 55. hxg4 Kf7 56. Kg2 Ke7 57. Kf3 Bb6 58. Kf4 Kd7 59. Kg5 Kc6 60. Kg6 Ra7
61. Nf4 Bd4 62. Nxe6 Bxe5 63. Kf5 Kd6 64. Nd8 Bc3 65. Nb7+ Kc6 66. Ra3 d4 67.
Ke4 Kb6 68. Kd3 Rxa6 69. Rxa6+ Kxa6 70. Nc5+ Kb5 71. Ne6 Kc6 72. Nxg7 Kd5 73.
Nf5 1/2-1/2

[Event "3rd Cambridge Int Open"]
[Site "Cambridge ENG"]
[Date "2025.05.27"]
[Round "3.10"]
[White "Li, Wenxiang"]
[Black "Wadsworth, Matthew J"]
[Result "1/2-1/2"]
[BlackTitle "IM"]
[WhiteElo "2342"]
[BlackElo "2484"]
[WhiteFideId "8609748"]
[BlackFideId "415804"]
[EventDate "2025.05.26"]

1. d4 Nf6 2. c4 e6 3. Nc3 Bb4 4. Qc2 Nc6 5. Nf3 d6 6. a3 Bxc3+ 7. Qxc3 a5 8. b3
O-O 9. g3 Re8 10. Bg2 e5 11. dxe5 dxe5 12. Bb2 Qe7 13. O-O h6 14. Qc2 Qc5 15.
Rfd1 Be6 16. Ne1 Nd4 17. Bxd4 exd4 18. Bxb7 Rab8 19. Bg2 Bf5 20. Nd3 Qb6 21. b4
Ne4 22. Bxe4 Bxe4 23. Rab1 Qe6 24. Qd2 Ba8 25. Nf4 Qc6 26. Nd5 Qxc4 27. Qxd4
Qxd4 28. Rxd4 c5 29. Rdd1 Red8 30. e4 cxb4 31. axb4 Bxd5 32. exd5 Rxb4 33. Rxb4
axb4 34. Rd4 Rb8 35. d6 Kf8 36. d7 Ke7 37. d8=Q+ Rxd8 1/2-1/2

[Event "3rd Cambridge Int Open"]
[Site "Cambridge ENG"]
[Date "2025.05.27"]
[Round "3.11"]
[White "Badacsonyi, Stanley"]
[Black "Fernandez, Daniel Howard"]
[Result "0-1"]
[WhiteTitle "FM"]
[BlackTitle "GM"]
[WhiteElo "2289"]
[BlackElo "2475"]
[WhiteFideId "486973"]
[BlackFideId "5801605"]
[EventDate "2025.05.26"]

1. d4 Nf6 2. c4 g6 3. Nc3 d5 4. cxd5 Nxd5 5. Bd2 Bg7 6. e4 Nxc3 7. Bxc3 O-O 8.
Qd2 c5 9. d5 e6 10. Bc4 Qh4 11. Bxg7 Qxe4+ 12. Ne2 Kxg7 13. Qc3+ Kg8 14. f3 Qh4+
15. g3 Qe7 16. Kf2 b5 17. Bxb5 exd5 18. Rac1 a6 19. Ba4 Bd7 20. Bd1 d4 21. Qxc5
Qe3+ 22. Kg2 Nc6 23. h4 Rfe8 24. Qg5 Qd3 25. Rc2 Qxc2 26. Bxc2 Rxe2+ 27. Kf1
Rxc2 28. h5 Ne5 29. hxg6 Bb5+ 30. Kg1 Nxf3# 0-1